Statistics for Top 20 Brentford Goalscorers in the Premier League

Click here to take the quiz!

General Stats

  • This quiz has been taken 9 times
    (4 since last reset)
  • The average score is 15 of 25

Answer Stats

NPlayerNationalityGoals% Correct
14Ben MeeEnglish1
100%
10Ben MeeEnglish3
100%
2Bryan MbeumoCameroonian20
100%
1Ivan ToneyEnglish32
100%
14Christian EriksenDanish1
67%
6Christian NorgaardDanish4
67%
14Christian NorgaardDanish1
67%
14Kristoffer AjerDanish1
67%
4Mathias JensenDanish8
67%
6Pontus JanssonSwedish4
67%
10Rico HenryEnglsih3
67%
14Saman GhoddosIranian1
67%
14Saman GhoddosIranian1
67%
14Shandon BaptisteGrenadaian1
67%
14Shandon BaptisteGrenadian1
67%
5Vitaly JaneltGerman7
67%
2Yoane WissaCongolese20
67%
14Ethan PinnockBrentford1
33%
6Ethan PinnockJamaican4
33%
6Josh DasilvaEnglish4
33%
14Mads RoerslevDanish1
33%
14Mathias JorgensenDanish1
33%
14Nathan CollinsIrish1
33%
10Sergi CanósSpanish3
33%
13Neal MaupayFrench2
0%

Score Distribution

Percentile by Number Answered

Percent of People with Each Score

Your Score History

You have not taken this quiz since the last reset